Energy forever : (Record no. 193440)

000 -LEADER
fixed length control field 00790 a2200205 4500
003 - CONTROL NUMBER IDENTIFIER
control field Nust
005 - DATE AND TIME OF LATEST TRANSACTION
control field 20221024133346.0
010 ## - LIBRARY OF CONGRESS CONTROL NUMBER
LC control number 81020547
020 ## - INTERNATIONAL STANDARD BOOK NUMBER
International Standard Book Number 0668052066 :
040 ## - CATALOGING SOURCE
Transcribing agency Nust
082 00 - DEWEY DECIMAL CLASSIFICATION NUMBER
Classification number 621.042,LEO
100 1# - MAIN ENTRY--PERSONAL NAME
Personal name Leon, George deLucenay.
9 (RLIN) 101259
245 10 - TITLE STATEMENT
Title Energy forever :
Remainder of title power for today and tomorrow /
Statement of responsibility, etc. George deLucenay Leon.
260 ## - PUBLICATION, DISTRIBUTION, ETC.
Place of publication, distribution, etc. New York, N.Y. :
Name of publisher, distributor, etc. Arco Pub.,
Date of publication, distribution, etc. c1982.
300 ## - PHYSICAL DESCRIPTION
Extent v, 154 p. :
Other physical details ill. ;
Dimensions 25 cm.
505 ## - FORMATTED CONTENTS NOTE
Formatted contents note Section I: Definition of Energy (Page-3), Section II: Nonrenewable Resource (Page-19), Section III: Renewable Energy Sources the Unending Supply (Page-59), Section IV: Energy Options –The Unending Supply (Page-59).
650 #0 - SUBJECT ADDED ENTRY--TOPICAL TERM
Topical term or geographic name entry element Power resources.
9 (RLIN) 3458
830 #0 - SERIES ADDED ENTRY--UNIFORM TITLE
Uniform title Arco how it works series.
9 (RLIN) 101260
942 ## - ADDED ENTRY ELEMENTS (KOHA)
Source of classification or shelving scheme
Koha item type Book
Holdings
Withdrawn status Lost status Source of classification or shelving scheme Damaged status Not for loan Permanent Location Current Location Date acquired Full call number Barcode Date last seen Price effective from Koha item type Public note
          Military College of Signals (MCS) Military College of Signals (MCS) 12/12/2016 621.042,LEO MCS6103 12/08/2016 12/12/2016 Book Almirah No.27, Shelf No.6
© 2023 Central Library, National University of Sciences and Technology. All Rights Reserved.